| 000 | 00749nam a2200169 a 4500 | ||
|---|---|---|---|
| 001 | 000028903 | ||
| 005 | 20210408120842.0 | ||
| 008 | 110412s1993 dr 000 0 spa d | ||
| 040 |
_aDO-SdBNP _bspa _cBNPHU |
||
| 082 |
_axxxx _bG993 |
||
| 100 |
_aGuzmán Álvares, José Antonio _955976 |
||
| 245 | 1 | 3 |
_aLa pequeña y mediana empresa en la economía nacional. / _cJosé Antonio Guzmán Álvarez. |
| 260 |
_aSanto Domingo : _bUniversidad Nacional Pedro Henríquez Ureña (UNPHU), _c1993. |
||
| 300 |
_a[16 p.] ; _c22 cm. |
||
| 500 | _aConferencia dictada por el director de la Corporación de Fomento Indusrial (CFI) José Antonio Guzmán Álvarez en la Universidad Nacional Pedro Henríquez Ureña (UNPHU) el 24 de noviembre de 1993 | ||
| 049 | _aBNPD | ||
| 999 |
_c28395 _d28395 |
||